000 00766nam a2200265Ia 4500
003 OSt
005 20220925193824.0
006 a|||||r|||| 00| 0
007 ta
008 220923b |||||||| |||| 00| 0 eng d
020 _a0521466261
037 _cGeneral Book
040 _aRTL
_cRTL
_beng
041 _2eng
_aeng
082 _aY53.53.N9, N4
100 _aLe Wita Beatrix
_9137290
245 0 _aFrench bourgeois culture
260 _aCambridge
_bCambridge University Press
_c1994
300 _ax,168p
_ccm.
490 _aSocial Anthropology of Franch
500 _aBibiliography P 162-64; Appendix P 143-61
650 _aMiddle class
_9236021
942 _hY53.53.N9, N4
_cGB
_2CC
999 _c527195
_d527195